Normal view
MARC view
Entry Topical Term
001 - CONTROL NUMBER
- control field: 188
003 - CONTROL NUMBER IDENTIFIER
- control field: BD-RjUL
005 - DATE AND TIME OF LATEST TRANSACTION
- control field: 20211215103025.0
008 - FIXED-LENGTH DATA ELEMENTS
- fixed length control field: 211215|| aca||aabn | a|a d
040 ## - CATALOGING SOURCE
- Original cataloging agency: BD-RjUL
- Transcribing agency: BD-RjUL
150 ## - HEADING--TOPICAL TERM
- Topical term or geographic name entry element: Islam
670 ## - SOURCE DATA FOUND
- Source citation: Work cat.: (BD-RjUL)78998: بدوي، عبد الرحمن ;; Badawi, Abdul Rahman 187, شخصيات قلقة في الاسلام ;; shakhsiaat qaliqat fi alaislam/, ١٩٤٦.;; 1946.